000 00386nam a2200145Ia 4500
008 100122s9999 xx 000 0 und d
082 _b40283
_a922
100 _aजोशी स कृ
245 _aअद्वैत
260 _bप्रताप प्रकाशन
_c1986
300 _a145
630 _aअद्वैत
730 _aअद्वैत
942 _cBOOK
999 _c421180
_d421177